China and the WTO
সংরক্ষণ করুন:
| প্রধান লেখক: | |
|---|---|
| বিন্যাস: | গ্রন্থ |
| ভাষা: | Undetermined |
| প্রকাশিত: |
Washington
The Word Bank
2004
|
| বিষয়গুলি: | |
| ট্যাগগুলো: |
ট্যাগ যুক্ত করুন
কোনো ট্যাগ নেই, প্রথমজন হিসাবে ট্যাগ করুন!
|
| Thư viện lưu trữ: | Trung tâm Học liệu Trường Đại học Cần Thơ |
|---|
| LEADER | 00578nam a2200205Ia 4500 | ||
|---|---|---|---|
| 001 | CTU_63713 | ||
| 008 | 210402s9999 xx 000 0 und d | ||
| 082 | |a 382.30951 | ||
| 082 | |b B575 | ||
| 100 | |a Bhattasali, Deepak | ||
| 245 | 0 | |a China and the WTO | |
| 245 | 0 | |c Deepak Bhattasali, Shantong Li, Will Martin | |
| 260 | |a Washington | ||
| 260 | |b The Word Bank | ||
| 260 | |c 2004 | ||
| 650 | |a Commercial policy,International trade,Economic policy | ||
| 650 | |z China | ||
| 904 | |a TUYẾN | ||
| 904 | |i Năm | ||
| 980 | |a Trung tâm Học liệu Trường Đại học Cần Thơ | ||